| 000 | 00508 a2200157 4500 | ||
|---|---|---|---|
| 003 | OSt | ||
| 005 | 20231103145542.0 | ||
| 008 | 231103b |||||||| |||| 00| 0 eng d | ||
| 040 | _coclc | ||
| 082 |
_a297 _bSAR/I |
||
| 100 |
_aSardar, Ziauddin _92247 |
||
| 245 |
_aISLAM JIHADHEEHIMSAKKUMAPPURAM = Islam beyond the violent jihadis : an optimistic Muslim speaks / _c Ziauddin Sardar, |
||
| 260 |
_aKerala: _bOlive, _c2022. |
||
| 300 | _a167p | ||
| 942 |
_2ddc _cBK _h297 _iSAR/I _k297 _mSAR/I |
||
| 999 |
_c42794 _d42794 |
||